VIII Всесоюзная конференция по теплофизическим свойствам веществ (г. Новосибирск, 20-22 сент. 1988 г.): тезисы докладов

Detalles Bibliográficos
Corporate Authors: Теплофизические свойства веществ (570), Академия наук СССР (АН СССР) Сибирское отделение (СО) Институт теплофизики (ИТ)
Outros autores: Накоряков В. Е. Владимир Елиферьевич (редактор)
Idioma:ruso
Publicado: Новосибирск, Изд-во СО АН СССР, 1988-
Formato: MixedMaterials Libro
KOHA link:https://koha.lib.tpu.ru/cgi-bin/koha/opac-detail.pl?biblionumber=266107

MARC

LEADER 00000nam1a2200000 4500
001 266107
005 20231031223407.0
035 |a (RuTPU)RU\TPU\book\289111 
090 |a 266107 
100 |a 20140702d1988 k y0rusy50 ca 
101 0 |a rus 
102 |a RU 
200 1 |a VIII Всесоюзная конференция по теплофизическим свойствам веществ (г. Новосибирск, 20-22 сент. 1988 г.)  |e тезисы докладов  |f Академия наук СССР (АН СССР), Сибирское отделение (СО), Институт теплофизики (ИТ) ; под ред. В. Е. Накорякова 
210 |a Новосибирск  |c Изд-во СО АН СССР  |d 1988- 
702 1 |a Накоряков  |b В. Е.  |c физик  |c директор Института теплофизики СО РАН  |c выпускник ТЭФ Томского политехнического университета 1958 г.  |f 1935-  |g Владимир Елиферьевич  |2 stltpush  |3 (RuTPU)RU\TPU\pers\29240  |4 340 
712 1 2 |a Теплофизические свойства веществ  |c конференция  |d VIII  |e Новосибирск  |f 1988  |4 570 
712 0 2 |a Академия наук СССР (АН СССР)  |b Сибирское отделение (СО)  |b Институт теплофизики (ИТ)  |c (Новосибирск)  |2 stltpush  |3 (RuTPU)RU\TPU\col\11307 
801 1 |a RU  |b 63413507  |c 20140702 
801 2 |a RU  |b 63413507  |c 20151028  |g RCR 
942 |c BK